Normal view MARC view
  • Parthasarathy S & Khalkar B W

Entry Personal Name

Number of records used in: 1

001 - CONTROL NUMBER

  • control field: 113092

003 - CONTROL NUMBER IDENTIFIER

  • control field: OSt

005 - DATE AND TIME OF LATEST TRANSACTION

  • control field: 20230125044421.0

008 - FIXED-LENGTH DATA ELEMENTS

  • fixed length control field: 230125|| aca||aabn | a|a d

040 ## - CATALOGING SOURCE

  • Original cataloging agency: OSt
  • Transcribing agency: OSt

100 ## - HEADING--PERSONAL NAME

  • Personal name: Parthasarathy S & Khalkar B W

670 ## - SOURCE DATA FOUND

  • Source citation: Work cat.: (OSt)90125: Parthasarathy S 113091, System Analysis Design And Introduction To Software Engineering, 1999